000 00521nam a22001817a 4500
005 20251108165252.0
008 250721s1992 xx 000 0 ara d
082 1 4 _a574/شوق
100 1 _aشوقي، أحمد
245 1 0 _aهندسة المستقبل /
264 1 _aالقاهره :
_bالمكتبة الأكاديمية،
_c1992.
300 _a281ص
490 0 _aالمستقبل بعيون علمية ؛ 1
650 1 7 _aعلم الأحياء
650 1 7 _aالحياة
942 _2ddc
_cBK
999 _c23692
_d23692